Cinema- Harry Styles (all lyrics) - Statistics

General Stats
  • This quiz has been taken 550 times
  • The average score is 317 of 372
Answer Stats
Hint Answer % Correct
cinema
99%
(Cinema)
99%
Cinema
99%
cinema,
99%
cinema)
99%
I
99%
(I
99%
the
99%
Intro | Outro You
99%
you
99%
you?
99%
you,
99%
go
98%
(Go
98%
got,
97%
got
97%
get
95%
in
94%
In
94%
to
93%
when
93%
When
93%
we
91%
I'm
90%
it
90%
it,
90%
your
89%
cool
87%
cool,
87%
Do
86%
think
85%
And
84%
and
84%
me
84%
you're
84%
Verse 1 | Verse 2 It's
83%
it's-)
83%
just
83%
too?
82%
too
82%
gettin'
81%
No
81%
into
80%
over
80%
not
79%
pop,
79%
pop
79%
am
78%
this?
78%
this
78%
is
77%
time
77%
(Time,
77%
time)
77%
Or
76%
all
74%
bring
74%
Darling,
72%
dig
72%
for
70%
sleep
70%
sleep,
70%
sleep)
70%
with
70%
comes
69%
guess
65%
intimate
65%
so
65%
bed
64%
what
64%
mine
63%
Post-Chorus Tell
63%
want
63%
wet
63%
yourself
61%
getting
60%
we're
60%
Don't
59%
know
58%
sleeping
58%
like
56%
right
55%
why,
55%
dance
54%
love
54%
of
54%
feels
52%
If
52%
way
52%
but
51%
move
51%
Something
48%
on
46%
stubborn
44%
That's
39%
roof
36%
doses
35%
night
35%
(Night,
35%
night)
35%
(Baby,
34%
at
32%
gimme
30%
off
29%
Dust
28%
drive
26%
high
23%
uh-huh
16%
(Co-cool)
10%
No matching quizzes found
Score Distribution
Percent of People with Each Score
Percentile by Number Answered
Your Score History
You have not taken this quiz